[Event "Dhaka SGS op"]
[Site "Dhaka"]
[Date "2017.06.04"]
[Round "2"]
[White "Md, Monir Hossain Monir"]
[Black "Sacchu, Afzal Hossain"]
[Result "0-1"]
[WhiteElo "1803"]
[BlackElo "2058"]
[PlyCount "125"]
[EventDate "2017.06.03"]
[EventType "swiss"]
[EventRounds "9"]
[EventCountry "BAN"]
[SourceTitle "EXT 2019"]
[Source "ChessBase"]
[SourceDate "2018.10.10"]
[SourceVersion "1"]
[SourceVersionDate "2018.10.10"]
[SourceQuality "1"]

1. e4 c5 2. Nf3 d6 3. d4 cxd4 4. Nxd4 Nf6 5. f3 a6 6. c4 e6 7. Nc3 Be7 8. Bd3 0-0 9. Nc2 Nc6 10. 0-0 Qc7 11. Be3 Ne5 12. Na4 Nxd3 13. Qxd3 Nd7 14. f4 Nc5 15. Nxc5 dxc5 16. Bd2 Rd8 17. Qe3 b5 18. b3 Bb7 19. Rf2 Qc6 20. Re2 Qxe4 21. Ba5 Qxe3+ 22. Rxe3 Rd7 23. Rf1 Bd8 24. Bc3 b4 25. Bb2 Bf6 26. Bxf6 gxf6 27. Rf2 Rad8 28. h3 h5 29. Kh2 Rd2 30. Ree2 Rxe2 31. Rxe2 Rd3 32. Ne3 Kg7 33. Kg3 a5 34. Kf2 Bc6 35. Nf1 a4 36. Rd2 Rc3 37. Rb2 axb3 38. axb3 h4 39. Ne3 f5 40. Nd1 Rd3 41. Ne3 Be4 42. Nf1 f6 43. Nd2 Rg3 44. Nxe4 fxe4 45. Re2 f5 46. Re3 Rxe3 47. Kxe3 Kf6 48. Kf2 e5 49. Ke3 exf4+ 50. Kxf4 Kg6 51. g4 hxg3 52. Kxg3 Kg5 53. h4+ Kh5 54. Kf4 Kxh4 55. Kxf5 e3 56. Ke5 e2 57. Kd5 e1Q 58. Kxc5 Qc3 59. Kb5 Qxb3 60. c5 Qc3 61. c6 b3 62. Kb6 b2 63. c7 0-1

[Event "Penang op-B 7th"]
[Site "Penang"]
[Date "2015.12.08"]
[Round "2"]
[White "Goh, Ethan"]
[Black "Md, Monir Hossain Monir"]
[Result "1-0"]
[WhiteElo "1445"]
[BlackElo "1823"]
[PlyCount "109"]
[EventDate "2015.12.07"]
[EventType "swiss"]
[EventRounds "9"]
[EventCountry "MAS"]
[SourceTitle "CBM 170 Extra"]
[Source "ChessBase"]
[SourceDate "2016.02.25"]
[SourceVersion "1"]
[SourceVersionDate "2016.02.25"]
[SourceQuality "1"]

1. e4 e5 2. Nf3 Nc6 3. Bc4 Bc5 4. c3 Nf6 5. d3 h6 6. h3 d6 7. Bb3 0-0 8. Nbd2 Be6 9. Bc2 a5 10. a4 Ne7 11. Nf1 Nh7 12. d4 exd4 13. cxd4 Bb4+ 14. Bd2 c5 15. Ne3 Rc8 16. d5 Bd7 17. Nc4 Qc7 18. 0-0 Ng6 19. Bd3 f6 20. b3 Ne5 21. Nfxe5 fxe5 22. Na3 Rf6 23. Nb5 Qd8 24. Nc3 Rg6 25. Kh2 Qh4 26. Ne2 Rf8 27. f4 Bg4 28. f5 Bxe2 29. Qxe2 Qg3+ 30. Kh1 Rgf6 31. Rf3 Qh4 32. Bxb4 axb4 33. Qf2 Qxf2 34. Rxf2 g6 35. g4 gxf5 36. gxf5 Kf7 37. h4 Rg8 38. Rg1 Rg7 39. Rxg7+ Kxg7 40. Rg2+ Kf8 41. Be2 Rf7 42. Rg6 Rf6 43. Rg1 Ke7 44. Bh5 Kd8 45. Rg7 Nf8 46. Rxb7 Nd7 47. Be2 Rf8 48. Bb5 Rf7 49. a5 Kc8 50. a6 c4 51. Bxd7+ Rxd7 52. Rxd7 Kxd7 53. a7 cxb3 54. a8Q b2 55. Qb7+ 1-0